| 000 | 00747nam a22001815i 4500 | ||
|---|---|---|---|
| 001 | 165516 | ||
| 003 | ES-MaACL | ||
| 005 | 20230906213144.0 | ||
| 008 | 050831s1886 fr | |||||||| ||fre d | ||
| 040 |
_aCAM _bspa _cCAM |
||
| 100 | 1 |
_aSolar, Alberto del. _9132799 |
|
| 245 | 1 | 0 |
_aPáginas de mi diario de campaña _b: recuerdos íntimos de la guerra del Pacífico, 1879-1881 / _cAlberto del Solar; prólogo de Cárlos Morla Vicuña. |
| 260 |
_aParís : _bImprenta y Librería de los Ferro-carriles : _bImprenta de Chaix, _c1886. |
||
| 300 |
_a251, [1] p. ; _c19 cm. |
||
| 650 | 4 |
_aGuerra del Pacífico, 1879-1884- _vRelatos personales. _9158688 |
|
| 700 | 0 |
_aMorla Vicuña, Carlos. _983593 |
|
| 852 |
_aES-MaACL _jG-7728 _z-- Enc. pasta española |
||
| 999 |
_c165516 _d165516 |
||